书目信息 |
| 题名: |
有限元法分析
|
|
| 作者: | 斯特朗 , 费克斯 著 ;崔俊芝 , 宫著铭 译 | |
| 分册: | ||
| 出版信息: | 北京 科学出版社 1983 |
|
| 页数: | 356页 | |
| 开本: | 19cm | |
| 丛书名: | ||
| 单 册: | ||
| 中图分类: | O242.21 | |
| 科图分类: | ||
| 主题词: | 有限元法 | |
| 电子资源: | ||
| ISBN: | ||
| 000 | 00787nam0 2200265 45 | |
| 001 | 0183011809 | |
| 005 | 20060519083109.92 | |
| 010 | @dCNY1.80 | |
| 091 | @a13031.2133 | |
| 100 | @a19950929d1983 em y0chiy0121 ea | |
| 101 | 1 | @achi |
| 102 | @aCN@b110000 | |
| 105 | @ay z 000yy | |
| 200 | 10 | @a有限元法分析@Ayou xian yuan fa fen xi@fG·斯特朗,G·J·费克斯著@FG·si te lang,G·J·fei ke si zhu@g崔俊芝, 宫著铭译 |
| 210 | @a北京@c科学出版社@d1983 | |
| 215 | @a356页@d19cm | |
| 606 | @a有限元法 | |
| 690 | @aO242.21@v3 | |
| 701 | 0 | @a斯特朗@Asi te lang@4著 |
| 701 | 0 | @a费克斯@Afei ke si@4著 |
| 702 | 0 | @a崔俊芝@Acui jun zhi@4译 |
| 702 | 0 | @a宫著铭@Agong zhu ming@4译 |
| 801 | 2 | @aCN@bNLC@c20060519 |
| 801 | 0 | @aCN@b上海图书馆@c20040520 |
| 905 | @f2@b81048-049@dO242.21@e2 | |
| 有限元法分析/G·斯特朗,G·J·费克斯著/崔俊芝, 宫著铭译.-北京:科学出版社,1983 |
| 356页;19cm |
| ISBN :CNY1.80 |
| ● |
| 相关链接 |
|
|
|
|
正题名:有限元法分析
索取号:O242.21/2
 
预约/预借
| 序号 | 登录号 | 条形码 | 馆藏地/架位号 | 状态 | 备注 |
| 1 | 0081046 | 202363637 | 密集书库/ [索取号:O242.21/2] | 在馆 | |
| 2 | 0081047 | 202363584 | 密集书库/ [索取号:O242.21/2] | 在馆 | |
| 3 | 0081048 | 001446402 | 第三借阅区/ [索取号:O242.21/2] | 在馆 | |
| 4 | 0081049 | 001446395 | 第三借阅区/ [索取号:O242.21/2] | 在馆 | |
| 5 | 0081050 | 001446368 | 第二样本阅览室/ [索取号:O242.21/2] | 在馆 |